Gaming Quiz

Random Gaming or Card Games Quiz

Finish the Card Game Quiz Stats

 Plays Quiz Updated Mar 5, 2019

Score 0/12 Timer 02:00
0 Plays Today
Question Answer Wrong Answers
____jack Black
96.2%
Red
0.5%
Purple
0.3%
Orange
0.3%
Go ____ Fish
93.2%
Carve
0.7%
Eat
0.6%
Run
2.6%
____ Hold 'Em Texas
91.1%
Ohio
4%
Michigan
0.8%
Florida
1.3%
Crazy ____ Eights
90.5%
Nines
2.4%
Bees
2.4%
Knights
1.9%
____ Solitaire Spider
88.3%
Centipede
3.7%
Ant
2.4%
Grasshopper
2.9%
____ to ____ Apples
83.7%
Oranges
3%
Pears
9.7%
Pineapples
0.8%
Old ____ Maid
83.7%
Butler
4.3%
Policeman
3.3%
Soldier
5.8%
____ Rummy Gin
76.6%
Vodka
5.3%
Rum
10%
Tequila
5.2%
____: The Gathering Magic
74.1%
Rain
7.5%
Snakes
12.5%
Pens
2.8%
Contract ____ Bridge
71.5%
Tower
8.5%
Hose
8.7%
Wheelbarrow
8.1%
Exploding ____ Kittens
59.9%
Puppies
6.5%
Ducklings
23.3%
Ponies
7.4%
Ride the ____ Bus
35.6%
Limo
0.9%
Airplane
1.2%
Waves
59.7%

You're not logged in!

Compare scores with friends on all Sporcle quizzes.
OR
Log In

Sporcle TV

Today on Sporcle TV


Watch our educational content, quiz creation guides, and fun videos on Sporcle TV.

Show Comments

Extras

Top Quizzes Today


Score Distribution

Your Account Isn't Verified!

In order to create a playlist on Sporcle, you need to verify the email address you used during registration. Go to your Sporcle Settings to finish the process.

Report this User

Report this user for behavior that violates our Community Guidelines.

Details: